000 01337nam a2200325Ia 4500
001 ebr10409547
003 CaPaEBR
006 m u
007 cr cn|||||||||
008 090314s2009 ua ab sb 000 0 eng d
020 _z9774162889
020 _z9789774162886
040 _aCaPaEBR
_cCaPaEBR
035 _a(OCoLC)680621250
050 1 4 _aDT146
_b.C35 2009eb
245 0 0 _aCairo contested
_h[electronic resource] :
_bgovernance, urban space, and global modernity /
_cedited by Diane Singerman.
260 _aCairo ;
_aNew York :
_bAmerican University in Cairo Press,
_c2009.
300 _axv, 488 p. :
_bill., maps.
500 _aCompanion volume to Cairo cosmopolitan (2006).
504 _aIncludes bibliographical references.
533 _aElectronic reproduction.
_bPalo Alto, Calif. :
_cebrary,
_d2010.
_nAvailable via World Wide Web.
_nAccess may be limited to ebrary affiliated libraries.
650 0 _aSocial change
_zEgypt
_zCairo.
650 0 _aUrban policy
_zEgypt
_zCairo.
651 0 _aCairo (Egypt)
_xEconomic conditions.
651 0 _aCairo (Egypt)
_xSocial conditions.
655 7 _aElectronic books.
_2local
700 1 _aSingerman, Diane.
710 2 _aebrary, Inc.
856 4 0 _uhttp://site.ebrary.com/lib/rucke/Doc?id=10409547
_zAn electronic book accessible through the World Wide Web; click to view
999 _c80628
_d80628